Young Boys Biggest Transfers - Statistics

General Stats
  • This quiz has been taken 25 times
  • The average score is 30 of 67
Answer Stats
% Correct
Outgoings Switzerland AM Fabian Rieder 23/24 Rennes
82%
Incomings Switzerland CM Djibril Sow 17/18 Borussia Monchengladbach
77%
Outgoings Switzerland CM Djibril Sow 19/20 Eintracht Frankfurt
77%
Outgoings Switzerland RB Kevin Mbabu 19/20 Wolfsburg
77%
Incomings Ghana CB Kasim Adams 17/18 Mallorca
73%
Outgoings Ghana CB Kasim Adams 18/19 Hoffenheim
73%
Incomings Serbia LM Miralem Sulejmani 15/16 Benfica
73%
Outgoings Ivory Coast ST Seydou Doumbia 10/11 CSKA Moscow
73%
Outgoings Switzerland DM Denis Zakaria 17/18 Borussia Monchengladbach
68%
Incomings United States ST Jordan Pefok 21/22 Rennes
68%
Outgoings United States ST Jordan Pefok 22/23 Union Berlin
68%
Incomings Switzerland ST Cedric Itten 22/23 Rangers
64%
Incomings Switzerland CB Loris Benito 15/16 Benfica
64%
Outgoings Switzerland GK Yvon Mvogo 17/18 RB Leipzig
64%
Incomings Switzerland RM Christian Fassnacht 17/18 Thun
59%
Outgoings Switzerland RM Christian Fassnacht 23/24 Norwich City
59%
Outgoings Switzerland CM Michel Aebischer 22/23 Bologna
59%
Outgoings Ivory Coast ST Wilfried Kanga 22/23 Hertha Berlin
59%
Incomings Luxembourg DM Christopher Martins Pereira 19/20 Lyon
55%
Outgoings Luxembourg DM Christopher Martins Pereira 22/23 Spartak Moscow
55%
Incomings Switzerland LM Filip Ugrinic 22/23 Luzern
55%
Incomings Switzerland LM Kastriot Imeri 22/23 Servette
55%
Incomings DR Congo ST Meschack Elia 19/20 TP Mazembe
55%
Incomings Guinea CB Mohamed Camara 18/19 Hapoel Raanana
55%
Incomings Cameroon LW Nicolas Moumi Ngamaleu 17/18 Altach
55%
Outgoings Cameroon LW Nicolas Moumi Ngamaleu 22/23 Dynamo Moscow
55%
Outgoings Ivory Coast DM Sekou Sanogo 18/19 Al-Ittihad
55%
Incomings Switzerland RB Silvan Hefti 20/21 St. Gallen
55%
Outgoings Switzerland RB Silvan Hefti 21/22 Genoa
55%
Incomings France RW Yoric Ravet 15/16 Grasshoppers
55%
Outgoings France RW Yoric Ravet 17/18 Freiburg
55%
Outgoings Switzerland CB Cedric Zesiger 23/24 Wolfsburg
50%
Outgoings Switzerland RW Renato Steffen 15/16 Basel
50%
Incomings Switzerland DM Sandro Lauper 18/19 Thun
50%
Outgoings Japan AM Yuya Kubo 16/17 Gent
50%
Incomings Switzerland RM Darian Males 23/24 Inter Milan
45%
Outgoings Switzerland RB Jordan Lotomba 20/21 Nice
45%
Incomings Poland CM Lukasz Lakomy 23/24 Zaglebie Lubin
45%
Incomings Sweden LB Noah Persson 22/23 Mjallby
45%
Incomings Paraguay ST Raul Bobadilla 11/12 Borussia Monchengladbach
45%
Outgoings Paraguay ST Raul Bobadilla 12/13 Basel
45%
Outgoings Ivory Coast ST Roger Assale 20/21 Dijon
45%
Incomings Switzerland LM Marvin Spielmann 19/20 Thun
41%
Outgoings Kosovo RB Florent Hadergjonaj 16/17 Ingolstadt
36%
Outgoings Cameroon ST Henri Bienvenu 11/12 Fenerbahce
36%
Outgoings Switzerland CM Leonardo Bertone 18/19 Cincinnati
36%
Incomings Switzerland AM Hakan Yakin 05/06 Stuttgart
32%
Outgoings Switzerland AM Hakan Yakin 08/09 Al-Gharafa
32%
Outgoings Bosnia LM Senad Lulic 11/12 Lazio
32%
Incomings Switzerland CM Vincent Sierro 19/20 Freiburg
32%
Incomings Zambia ST Emmanuel Mayuka 10/11 Maccabi Tel Aviv
27%
Outgoings Zambia ST Emmanuel Mayuka 12/13 Southampton
27%
Incomings France CB Jordan Lefort 20/21 Amiens
27%
Outgoings Switzerland ST Michael Frey 14/15 Lille
27%
Incomings Switzerland CB Steve von Bergen 13/14 Palermo
27%
Outgoings Venezuela ST Josef Martinez 14/15 Torino
23%
Incomings Ghana ST Samuel Afum 12/13 Smouha
23%
Outgoings Sweden CM Alexander Farnerud 13/14 Torino
18%
Incomings Serbia CB Milan Vilotic 13/14 Grasshoppers
18%
Incomings Switzerland AM Moreno Costanzo 10/11 St. Gallen
18%
Outgoings Iceland RB Gretar Steinsson 05/06 AZ Alkmaar
14%
Outgoings Senegal CB Kader Mangane 07/08 Lens
9%
Outgoings Guinea CB Kamil Zayatte 08/09 Hull City
9%
Outgoings Ivory Coast DM Thierry Doubai 11/12 Udinese
9%
Outgoings North Macedonia CB Aleksandar Mitreski 02/03 Grasshoppers
5%
Incomings Tunisia CB Ammar Jemal 10/11 ES Sahel
5%
Outgoings Ivory Coast CB Steve Gohouri 06/07 Borussia Monchengladbach
5%
No matching quizzes found
Score Distribution
Percent of People with Each Score
Percentile by Number Answered
Your Score History
You have not taken this quiz